LIBRARY ONLINE CATALOGUE

Fabrication and characterization of Cobalt pigmented anodized Zinc for photocatalytic application (Record no. 18773)

MARC details
000 -LEADER
fixed length control field 00437nam a22001217a 4500
008 - FIXED-LENGTH DATA ELEMENTS--GENERAL INFORMATION
fixed length control field 210210b xxu||||| |||| 00| 0 eng d
050 ## - LIBRARY OF CONGRESS CALL NUMBER
Classification number GMP2394
Item number .C44 2019 c.1
100 ## - MAIN ENTRY--PERSONAL NAME
Personal name Chebwogen Judith
245 ## - TITLE STATEMENT
Title Fabrication and characterization of Cobalt pigmented anodized Zinc for photocatalytic application
Statement of responsibility, etc. Judith Chebwogen
260 ## - PUBLICATION, DISTRIBUTION, ETC. (IMPRINT)
Place of publication, distribution, etc. Kabarak, Nakuru, Kenya
Name of publisher, distributor, etc. Kabarak, Nakuru, Kenya
Date of publication, distribution, etc. 2019
300 ## - PHYSICAL DESCRIPTION
Extent 93 leaves
942 ## - ADDED ENTRY ELEMENTS (KOHA)
Source of classification or shelving scheme Library of Congress Classification
Koha item type Thesis, Dissertation and Projecs
Holdings
Withdrawn status Lost status Source of classification or shelving scheme Not for loan Home library Current library Date acquired Total Checkouts Full call number Barcode Date last seen Price effective from Koha item type
    Library of Congress Classification   Kabarak, Main Campus Kabarak, Main Campus 10/02/2021   GMP2394 .C44 2019 c.1 029595 10/02/2021 10/02/2021 Thesis, Dissertation and Projecs
    Library of Congress Classification   Kabarak, Main Campus Kabarak, Main Campus 10/02/2021   GMP2394 .C44 2019 c.2 029601 10/02/2021 10/02/2021 Thesis, Dissertation and Projecs